| 000 | 01016nam a22001937a 4500 | ||
|---|---|---|---|
| 003 | OSt | ||
| 005 | 20251117133151.0 | ||
| 008 | 251117b |||||||| |||| 00| 0 eng d | ||
| 040 | _cDCL | ||
| 082 | _a၂၉၄.၃၈၂၂၄ | ||
| 130 |
_aတိပိဋက။ _pဝိနယပိဋက။ _tစူဠဝဂ္ဂ၊ _lအဋ္ဌကထာ၊ _sနိဿယ။ |
||
| 245 |
_aစူဠဝါအဋ္ဌကထာနိဿယ / _cရွှေဥမင်ဆရာတော်ဘုရားကြီး။ |
||
| 264 |
_aမန္တလေး ၊ _bပဒေသာပိဋကတ်ပုံနှိပ်တိုက်၊ _c၁၉၆၀။ |
||
| 300 |
_a၃၄၉ စာမျက်နှာ ၊ _c၂၆ စင်တီ။ |
||
| 650 |
_aစူဠဝါ _vအဋ္ဌကထာ နိဿယ။ |
||
| 650 |
_aစူဠဝဂ္ဂ _vအဋ္ဌကထာ နိဿယ။ |
||
| 700 | _aရွှေဥမင်ဆရာတော်ဘုရားကြီး။ | ||
| 942 |
_2ddc _cSHORT TERM _n0 |
||
| 999 |
_c2498 _d2498 |
||